[Event "ABC 2024 Utrecht, Groep BCm"]
[Site "Utrecht."]
[Date "2024.03.10"]
[Round "7.5"]
[White "Bhaskarabhatla, Maithili M"]
[Black "Vermeulen, Ilona"]
[Result "0-1"]
[WhiteElo "1146"]
[BlackElo "1486"]

1. e4 {[%clk 00:55:19]} e5 {[%clk 00:55:19]} {[%emt 00:00:02]} 2. Nf3 {[%clk
00:55:24]} {[%emt 00:00:05]} Nc6 {[%clk 00:55:27]} {[%emt 00:00:02]} 3. d4
{[%clk 00:55:26]} {[%emt 00:00:08]} exd4 {[%clk 00:55:27]} {[%emt 00:00:09]} 4.
Nxd4 {[%clk 00:55:26]} {[%emt 00:00:09]} Nxd4 {[%clk 00:55:28]} {[%emt
00:00:10]} 5. Qxd4 {[%clk 00:55:26]} {[%emt 00:00:10]} d6 {[%clk 00:54:53]}
{[%emt 00:00:46]} 6. Bf4 {[%clk 00:54:02]} {[%emt 00:01:34]} Be6 {[%clk
00:53:01]} {[%emt 00:02:01]} 7. Nc3 {[%clk 00:53:27]} {[%emt 00:00:46]} Nf6
{[%clk 00:50:07]} {[%emt 00:03:04]} 8. Bd3 {[%clk 00:52:23]} {[%emt 00:01:13]}
d5 {[%clk 00:47:30]} {[%emt 00:02:47]} 9. O-O {[%clk 00:51:34]} {[%emt
00:00:58]} dxe4 {[%clk 00:46:47]} {[%emt 00:00:54]} 10. Qxd8+ {[%clk 00:51:07]}
{[%emt 00:00:37]} Rxd8 {[%clk 00:46:36]} {[%emt 00:00:21]} 11. Nxe4 {[%clk
00:50:22]} {[%emt 00:00:55]} Nxe4 {[%clk 00:46:18]} {[%emt 00:00:28]} 12. Bxe4
{[%clk 00:49:09]} {[%emt 00:01:23]} c6 {[%clk 00:44:55]} {[%emt 00:01:34]} 13.
Rad1 {[%clk 00:47:19]} {[%emt 00:02:00]} Be7 {[%clk 00:43:55]} {[%emt
00:01:10]} 14. Rxd8+ {[%clk 00:45:04]} {[%emt 00:02:25]} Bxd8 {[%clk 00:43:45]}
{[%emt 00:00:20]} 15. a3 {[%clk 00:44:12]} {[%emt 00:01:01]} O-O {[%clk
00:43:29]} {[%emt 00:00:26]} 16. Bd6 {[%clk 00:42:49]} {[%emt 00:01:34]} Re8
{[%clk 00:42:43]} {[%emt 00:00:56]} 17. Re1 {[%clk 00:39:30]} {[%emt 00:03:28]}
f6 {[%clk 00:38:17]} {[%emt 00:04:36]} 18. Bf5 {[%clk 00:35:56]} {[%emt
00:03:44]} Kf7 {[%clk 00:37:21]} {[%emt 00:01:06]} 19. Bxe6+ {[%clk 00:33:42]}
{[%emt 00:02:24]} Rxe6 {[%clk 00:36:55]} {[%emt 00:00:37]} 20. Rxe6 {[%clk
00:33:01]} {[%emt 00:00:50]} Kxe6 {[%clk 00:36:49]} {[%emt 00:00:16]} 21. Bg3
{[%clk 00:31:37]} {[%emt 00:01:35]} Kd5 {[%clk 00:36:29]} {[%emt 00:00:29]} 22.
h4 {[%clk 00:29:45]} {[%emt 00:02:02]} b5 {[%clk 00:36:01]} {[%emt 00:00:38]}
23. f3 {[%clk 00:28:58]} {[%emt 00:00:58]} Kc4 {[%clk 00:35:12]} {[%emt
00:00:58]} 24. Bf2 {[%clk 00:27:20]} {[%emt 00:01:48]} Bb6 {[%clk 00:34:58]}
{[%emt 00:00:24]} 25. g4 {[%clk 00:25:22]} {[%emt 00:02:08]} Bxf2+ {[%clk
00:34:57]} {[%emt 00:00:11]} 26. Kxf2 {[%clk 00:25:05]} {[%emt 00:00:27]} Kd4
{[%clk 00:34:40]} {[%emt 00:00:27]} 27. Ke2 {[%clk 00:23:52]} {[%emt 00:01:23]}
a5 {[%clk 00:33:52]} {[%emt 00:00:58]} 28. Kd2 {[%clk 00:21:22]} {[%emt
00:02:39]} Ke5 {[%clk 00:31:44]} {[%emt 00:02:19]} 29. b4 {[%clk 00:19:40]}
{[%emt 00:01:52]} axb4 {[%clk 00:31:44]} {[%emt 00:00:09]} 30. axb4 {[%clk
00:19:19]} {[%emt 00:00:31]} Kd4 {[%clk 00:31:52]} {[%emt 00:00:03]} 31. c3+
{[%clk 00:18:51]} {[%emt 00:00:38]} Kc4 {[%clk 00:31:22]} {[%emt 00:00:39]} 32.
Kc2 {[%emt 00:00:57]} Kd5 {[%clk 00:29:04]} {[%emt 00:02:28]} 33. g5 {[%clk
00:17:13]} {[%emt 00:01:03]} fxg5 {[%clk 00:28:04]} {[%emt 00:01:09]} 34. hxg5
{[%emt 00:00:58]} h5 {[%clk 00:27:09]} {[%emt 00:01:05]} 35. Kd2 {[%clk
00:13:02]} {[%emt 00:03:33]} h4 {[%clk 00:26:37]} {[%emt 00:00:42]} 36. Ke2
{[%clk 00:12:17]} {[%emt 00:00:56]} Kc4 {[%clk 00:26:41]} {[%emt 00:00:05]} 37.
Kf2 {[%clk 00:11:58]} {[%emt 00:00:29]} Kxc3 {[%clk 00:26:46]} {[%emt
00:00:06]} 38. Kg2 {[%clk 00:09:58]} {[%emt 00:02:09]} Kxb4 {[%clk 00:26:53]}
{[%emt 00:00:03]} 39. f4 {[%clk 00:09:21]} {[%emt 00:00:47]} Kc5 {[%clk
00:25:27]} {[%emt 00:01:37]} 40. f5 {[%clk 00:08:54]} {[%emt 00:00:36]} Kd6
{[%clk 00:24:40]} {[%emt 00:00:57]} 41. Kh3 {[%clk 00:06:14]} {[%emt 00:02:49]}
Ke7 {[%clk 00:24:29]} {[%emt 00:00:22]} 42. Kxh4 {[%clk 00:05:09]} {[%emt
00:01:15]} Kf7 {[%clk 00:24:27]} {[%emt 00:00:12]} 43. Kg4 {[%clk 00:05:15]}
{[%emt 00:00:04]} b4 {[%clk 00:24:09]} {[%emt 00:00:28]} 44. g6+ {[%clk
00:05:19]} {[%emt 00:00:06]} Kf6 {[%clk 00:24:17]} {[%emt 00:00:01]} 45. Kf4
{[%clk 00:05:27]} {[%emt 00:00:03]} b3 {[%clk 00:24:21]} {[%emt 00:00:06]} 46.
Ke4 {[%clk 00:05:32]} {[%emt 00:00:05]} b2 {[%clk 00:24:24]} {[%emt 00:00:07]}
47. Kf4 {[%clk 00:05:36]} {[%emt 00:00:05]} b1=Q {[%clk 00:24:20]} {[%emt
00:00:14]} 48. Kg4 {[%clk 00:05:44]} {[%emt 00:00:04]} Qxf5+ {[%clk 00:24:20]}
{[%emt 00:00:10]} 49. Kg3 {[%clk 00:05:50]} {[%emt 00:00:03]} Qxg6+ {[%clk
00:24:18]} {[%emt 00:00:12]} 50. Kf3 {[%clk 00:05:55]} {[%emt 00:00:02]} c5
{[%clk 00:24:17]} {[%emt 00:00:14]} 51. Ke3 {[%clk 00:05:55]} {[%emt 00:00:09]}
c4 {[%clk 00:24:14]} {[%emt 00:00:15]} 52. Kd4 {[%clk 00:06:01]} {[%emt
00:00:03]} Qg4+ {[%clk 00:24:14]} {[%emt 00:00:10]} 53. Kc3 {[%clk 00:06:09]}
{[%emt 00:00:02]} g5 {[%clk 00:24:05]} {[%emt 00:00:19]} 54. Kb4 {[%clk
00:06:04]} {[%emt 00:00:15]} Qe4 {[%clk 00:24:02]} {[%emt 00:00:13]} 55. Kc3
{[%clk 00:06:00]} {[%emt 00:00:03]} Qd3+ {[%clk 00:24:10]} {[%emt 00:00:13]} 56.
Kb4 {[%clk 00:06:08]} {[%emt 00:00:01]} c3 {[%clk 00:24:05]} {[%emt 00:00:15]}
57. Kc5 {[%clk 00:06:14]} {[%emt 00:00:05]} c2 {[%clk 00:24:01]} {[%emt
00:00:14]} 58. Kb4 {[%clk 00:06:22]} {[%emt 00:00:02]} Qd2+ {[%clk 00:23:51]}
{[%emt 00:00:20]} 59. Kb5 {[%clk 00:06:21]} {[%emt 00:00:11]} c1=Q {[%clk
00:23:46]} {[%emt 00:00:14]} 60. Kb6 {[%clk 00:06:28]} {[%emt 00:00:04]} Qdb2+
{[%clk 00:23:39]} {[%emt 00:00:17]} 61. Ka5 {[%clk 00:06:35]} {[%emt 00:00:03]}
Qca1# {[%clk 00:23:42]} {[%emt 00:00:07]} 0-1